Guess the Niall Horan song with no hints #9 - Statistics

General Stats
  • This quiz has been taken 29 times
    26 since last reset
  • The average score is 243 of 389
Answer Stats
Answer % Correct
I
100%
me
100%
you,
100%
a
95%
the
95%
love
90%
love)
90%
it
85%
we
85%
We
85%
be
80%
In
80%
in
80%
were
80%
we're
80%
an
75%
but
75%
like
75%
on
75%
our
75%
that
75%
us
75%
when
75%
Never,
70%
never,
70%
never
70%
Never
70%
still
70%
to
70%
up
70%
up)
70%
(Up)
70%
up,
70%
of
65%
old,
65%
your
65%
back
60%
drink
60%
go
60%
La-la-la,
60%
la-la-la,
60%
la-la-la
60%
La-la-la
60%
(La-la-la-la-la-la)
60%
with
60%
And,
55%
dance
55%
ever,
55%
ever
55%
fallin'
55%
fight
55%
grow
55%
(Grow
55%
hope
55%
Hope
55%
I'm
55%
over
55%
them
55%
too
55%
wanna
55%
yeah,
55%
(Yeah,
55%
cause
50%
all
45%
friends
45%
much
45%
much)
45%
nothin'
45%
Oh,
45%
pub
45%
say
45%
bands
40%
(Bands
40%
Both
40%
cry
40%
how
40%
once
40%
Talkin'
40%
at
35%
could
35%
Every
35%
eyes,
35%
Feelin'
35%
laughin'
35%
Laughin'
35%
(Laughin'
35%
life,
35%
another
30%
coffee,
30%
fire
30%
forgettin'
30%
lights
30%
look
30%
night's
30%
sleep
30%
think
30%
best
25%
between
25%
mm
25%
ocean's
25%
out
25%
sheets
25%
ceilin'
20%
full
20%
givin'
20%
glass
20%
innocence
20%
makes
20%
sense
20%
single
20%
Starin'
20%
Sunday
20%
wine
20%
Turnin'
15%
turnin'
15%
Wild
10%
No matching quizzes found
Score Distribution
Percent of People with Each Score
Percentile by Number Answered
Your Score History
You have not taken this quiz since the last reset